LIBRARY & INFORMATION CENTRE, KCAET, TAVANUR

ONLINE PUBLIC ACCESS CATALOGUE (OPAC)

Assessment of the impact of sand mining on the morphology of the severely affected reach of Bharathapuzha river between Pattambi and Kuttippuram using remote sensing and GIS (Record no. 14877)

MARC details
000 -LEADER
fixed length control field 00974nam a22001817a 4500
003 - CONTROL NUMBER IDENTIFIER
control field OSt
088 ## - REPORT NUMBER
Report number T 399
100 ## - MAIN ENTRY--AUTHOR NAME
Personal name ARDRA WILSON
245 ## - TITLE STATEMENT
Title Assessment of the impact of sand mining on the morphology of the severely affected reach of Bharathapuzha river between Pattambi and Kuttippuram using remote sensing and GIS
260 ## - PUBLICATION, DISTRIBUTION, ETC. (IMPRINT)
Place of publication Tavanur 2017
Name of publisher DEPARTMENT OF IRRIGATION AND DRAINAGE ENGINEERING
300 ## - PHYSICAL DESCRIPTION
Number of Pages 123
500 ## - GENERAL NOTE
General note Assessment of the impact of sand mining on the morphology of the severely affected reach of Bharathapuzha river between Pattambi and Kuttippuram using remote sensing and GIS
520 ## - SUMMARY, ETC.
Summary, etc Assessment of the impact of sand mining on the morphology of the severely affected reach of Bharathapuzha river between Pattambi and Kuttippuram using remote sensing and GIS
700 ## - ADDED ENTRY--PERSONAL NAME
Personal name Er. Vishnu B (Guide)
856 ## - ELECTRONIC LOCATION AND ACCESS
Uniform Resource Identifier https://drive.google.com/open?id=1UN_-kygDlgmL-xic87s6Lj4SvWvl8CU-
942 ## - ADDED ENTRY ELEMENTS (KOHA)
Koha item type Theses
Holdings
Collection code Home library Current library Shelving location Full call number Accession Number Koha item type Public note
Reference KAUAET KAUAET Reference 631.587 ARD/AS T 399 Theses M.Tech Thesis
free website counter